New Horizons in Web Based Learning ICWL 2014 International Workshops, SPeL, PRASAE, IWMPL, OBIE, and KMEL, FET, Tallinn, Estonia, August 14-17, 2014, Revised Selected Papers /

This book constitutes the revised selected papers of the workshops of the 13th International Conference of Web-based Learning, ICWL 2014, held in Tallinn, Estonia, in August 2014. This volume comprises papers of six workshops: 1. The Seventh International Workshop on Social and Personal Computing fo...

Full description

Bibliographic Details
Corporate Author: SpringerLink (Online service)
Other Authors: Cao, Yiwei (Editor), Väljataga, Terje (Editor), Tang, Jeff K.T (Editor), Leung, Howard (Editor), Laanpere, Mart (Editor)
Format: Electronic eBook
Language:English
Published: Cham : Springer International Publishing : Imprint: Springer, 2014.
Series:Lecture Notes in Computer Science, 8699
Subjects:
Online Access:Full Text via HEAL-Link
LEADER 03351nam a22005655i 4500
001 978-3-319-13296-9
003 DE-He213
005 20151123191831.0
007 cr nn 008mamaa
008 141205s2014 gw | s |||| 0|eng d
020 |a 9783319132969  |9 978-3-319-13296-9 
024 7 |a 10.1007/978-3-319-13296-9  |2 doi 
040 |d GrThAP 
050 4 |a QA75.5-76.95 
072 7 |a UY  |2 bicssc 
072 7 |a COM014000  |2 bisacsh 
082 0 4 |a 004  |2 23 
245 1 0 |a New Horizons in Web Based Learning  |h [electronic resource] :  |b ICWL 2014 International Workshops, SPeL, PRASAE, IWMPL, OBIE, and KMEL, FET, Tallinn, Estonia, August 14-17, 2014, Revised Selected Papers /  |c edited by Yiwei Cao, Terje Väljataga, Jeff K.T. Tang, Howard Leung, Mart Laanpere. 
264 1 |a Cham :  |b Springer International Publishing :  |b Imprint: Springer,  |c 2014. 
300 |a XXV, 295 p. 80 illus.  |b online resource. 
336 |a text  |b txt  |2 rdacontent 
337 |a computer  |b c  |2 rdamedia 
338 |a online resource  |b cr  |2 rdacarrier 
347 |a text file  |b PDF  |2 rda 
490 1 |a Lecture Notes in Computer Science,  |x 0302-9743 ;  |v 8699 
505 0 |a International Workshop on Social and Personal Computing for Web-Supported Learning Communities -- International Workshop on Peer-Review, Peer-Assessment, and Self-Assessment in Education -- International Workshop on Mobile and Personalized Learning -- International Workshop on Open Badges in Education -- International Symposium on Knowledge Management & E-Learning -- The Future of e-Textbooks Workshop. 
520 |a This book constitutes the revised selected papers of the workshops of the 13th International Conference of Web-based Learning, ICWL 2014, held in Tallinn, Estonia, in August 2014. This volume comprises papers of six workshops: 1. The Seventh International Workshop on Social and Personal Computing for Web-Supported Learning Communities (SPeL 2014) 2. The First International Workshop on Peer-Review, Peer-Assessment, and Self-Assessment in Education (PRASAE 2014) 3. International Workshop on Mobile and Personalized Learning (IWMPL 2014) 4. The First International Workshop on Open Badges in Education (OBIE 2014) 5. The Fourth International Symposium on Knowledge Management & E-Learning (KMEL 2014) 6. The Future of e-Textbooks Workshop (FeT 2014). 
650 0 |a Computer science. 
650 0 |a User interfaces (Computer systems). 
650 0 |a Artificial intelligence. 
650 0 |a Education  |x Data processing. 
650 1 4 |a Computer Science. 
650 2 4 |a Computer Science, general. 
650 2 4 |a Computers and Education. 
650 2 4 |a User Interfaces and Human Computer Interaction. 
650 2 4 |a Information Systems Applications (incl. Internet). 
650 2 4 |a Artificial Intelligence (incl. Robotics). 
700 1 |a Cao, Yiwei.  |e editor. 
700 1 |a Väljataga, Terje.  |e editor. 
700 1 |a Tang, Jeff K.T.  |e editor. 
700 1 |a Leung, Howard.  |e editor. 
700 1 |a Laanpere, Mart.  |e editor. 
710 2 |a SpringerLink (Online service) 
773 0 |t Springer eBooks 
776 0 8 |i Printed edition:  |z 9783319132952 
830 0 |a Lecture Notes in Computer Science,  |x 0302-9743 ;  |v 8699 
856 4 0 |u http://dx.doi.org/10.1007/978-3-319-13296-9  |z Full Text via HEAL-Link 
912 |a ZDB-2-SCS 
912 |a ZDB-2-LNC 
950 |a Computer Science (Springer-11645)